| 000 | 00401cam a2200133 a 4500 | ||
|---|---|---|---|
| 020 | _a155587293X (hc : alk. paper) : | ||
| 040 | _cDLC | ||
| 082 | 0 | 0 | _a327 LYN 1992 A089 Or. |
| 100 | 1 | _aShemesh, Haim. | |
| 245 | 1 | 0 |
_aSoviet-Iraqi relations, 1968-1988 : _bin the shadow of the Iraq-Iran conflict / |
| 260 |
_aBoulder : _bLynne Rienner Publishers, _c1992. |
||
| 300 |
_ax, 285 p. ; _c24 cm. |
||
| 942 | _cEK | ||
| 999 |
_c16204 _d16204 |
||